| 000 | 00716nam a2200241 i 4500 | ||
|---|---|---|---|
| 001 | 15134 | ||
| 003 | ES-MaACL | ||
| 005 | 20250728043234.0 | ||
| 007 | t| | ||
| 008 | 991223s1999 sp ||||1| spa d | ||
| 020 | _a84-306-0342-5 | ||
| 080 | _a321.7 | ||
| 100 | 1 |
_aDahl, Robert Alan. _942441 |
|
| 245 | 1 | 3 |
_aLa democracia _b: una guía para los ciudadanos / _cRobert A. Dahl ; traducción de Fernando Vallespín. |
| 260 |
_aMadrid : _bTaurus, _c[1999] |
||
| 300 |
_a246 p. ; _c21 cm. |
||
| 490 | 1 | _aPensamiento | |
| 650 | 7 |
_aDemocracia _2embne _911574 |
|
| 700 | 1 |
_aVallespín Oña, Fernando. _9112902 |
|
| 830 | 0 |
_aPensamiento _9178722 |
|
| 852 |
_aES-MaACL _jL-22331 _bR.127799 |
||
| 999 |
_c15134 _d15134 |
||